| 000 | 01154aab a2200217 4500 | ||
|---|---|---|---|
| 001 | 768714001 | ||
| 003 | CO-MdFUSB | ||
| 005 | 20240607100418.0 | ||
| 008 | 170510s1993 cr ||||| |||| 00| 0 spa d | ||
| 022 | _a1409-1968 | ||
| 040 |
_aCO-MdFUSB _bspa _cCO-MdFUSB _dCO-MdFUSB |
||
| 041 | _aspa | ||
| 100 | 1 |
_aChristian, Randy _eautor |
|
| 245 | 1 | 3 |
_aEl abuso en las familias y sus diferentes maneras de prevenirlo _c/ Randy Christian |
| 300 |
_aVolumen 11. Número 2 (1993), páginas 12-17 _c: 27 cm. |
||
| 520 | _aEn este artículo se tratan las diferentes formas de abuso y los diferentes niveles de prevención: En el primer nivel se encuentran: La enseñanza, consejería prematrimonial, enriquecimiento del matrimonio, educación para padres, oportunidad para contactos sociales. En segundo y tercer nivel vemos: Prédicas que alienten y que hablen sobre el arrepentimiento, Intervención en la crisis, terapia, asistencia en las necesidades básicas y ofrecer ayuda. | ||
| 653 | _aAbuso en la familia | ||
| 773 | 0 |
_tApuntes Pastorales _049442 _960183 _gVolumen 11. Número 2 (1993), páginas 12-17 _qPágina 12 |
|
| 942 | _cANA | ||
| 945 | _aJTF-925 | ||
| 999 |
_c50698 _d50698 |
||